Малахитовая шкатулка: [сказы]

Dades bibliogràfiques
Autor principal: Бажов П. П. Павел Петрович
Altres autors: Скорино Л. И. (автор предисловия)
Idioma:rus
Publicat: Москва, Правда, 1984
Matèries:
Format: MixedMaterials Llibre
KOHA link:https://koha.lib.tpu.ru/cgi-bin/koha/opac-detail.pl?biblionumber=378314

MARC

LEADER 00000nam0a2200000 4500
001 378314
005 20231102013007.0
035 |a (RuTPU)RU\TPU\retro\35769 
035 |a RU\TPU\book\130870 
090 |a 378314 
100 |a 20230524d1984 m y0rusy5003 ca 
101 0 |a rus 
102 |a RU 
105 |a y z 000ay 
200 1 |a Малахитовая шкатулка  |e [сказы]  |f П. П. Бажов  |g авт. предисл. и примеч. Л. И. Скорино 
210 |a Москва  |c Правда  |d 1984 
215 |a 480 с.  |c портр. 
606 1 |a Русская литература современная  |2 stltpush  |3 (RuTPU)RU\TPU\subj\26373  |9 50316 
610 1 |a художественная литература 
610 1 |a сказы 
610 1 |a проза 
675 |a Р2  |v 3 
700 1 |a Бажов  |b П. П.  |c русский писатель  |f 1879-1950  |g Павел Петрович  |2 stltpush  |3 (RuTPU)RU\TPU\pers\3670  |9 806 
702 1 |a Скорино  |b Л. И.  |4 080 
801 0 |a RU  |b RuMRKP  |c 19950704  |g psbo 
801 1 |a RU  |b 63413507  |c 20070906  |g PSBO 
801 2 |a RU  |b 63413507  |c 20230613  |g PSBO 
942 |c BK